<?xml version="1.0" encoding="UTF-8"?>
<record
    xmlns:xsi="http://www.w3.org/2001/XMLSchema-instance"
    xsi:schemaLocation="http://www.loc.gov/MARC21/slim http://www.loc.gov/standards/marcxml/schema/MARC21slim.xsd"
    xmlns="http://www.loc.gov/MARC21/slim">

  <leader>00675nam a22002055a 4500</leader>
  <controlfield tag="008">150706t2012    pauo   fr     000 0 eng d</controlfield>
  <datafield tag="020" ind1=" " ind2=" ">
    <subfield code="a">9780803625402</subfield>
  </datafield>
  <datafield tag="040" ind1=" " ind2=" ">
    <subfield code="a">EG-ScBUE</subfield>
    <subfield code="b">eng</subfield>
    <subfield code="d">EG-ScBUE</subfield>
  </datafield>
  <datafield tag="082" ind1="0" ind2="4">
    <subfield code="a">610.73</subfield>
    <subfield code="b">WIL</subfield>
    <subfield code="2">22</subfield>
  </datafield>
  <datafield tag="100" ind1="1" ind2=" ">
    <subfield code="a">Wilkinson, Judith M.,</subfield>
    <subfield code="d">1946-</subfield>
    <subfield code="9">20324</subfield>
  </datafield>
  <datafield tag="245" ind1="1" ind2="0">
    <subfield code="a">Pocket nursing skills :</subfield>
    <subfield code="b">what you need to know now /</subfield>
    <subfield code="c">Judith M. Wilkinson, Lesie S. Treas.</subfield>
  </datafield>
  <datafield tag="260" ind1=" " ind2=" ">
    <subfield code="a">Philadelphia :</subfield>
    <subfield code="b">F. A. Davis Company,</subfield>
    <subfield code="c">c.2012.</subfield>
  </datafield>
  <datafield tag="300" ind1=" " ind2=" ">
    <subfield code="a">vii, 280 p. :</subfield>
    <subfield code="b">photographs ;</subfield>
    <subfield code="c">10 cm.</subfield>
  </datafield>
  <datafield tag="650" ind1=" " ind2="7">
    <subfield code="a">Nursing</subfield>
    <subfield code="2">BUEsh</subfield>
    <subfield code="9">12117</subfield>
  </datafield>
  <datafield tag="651" ind1=" " ind2=" ">
    <subfield code="2">BUEsh</subfield>
  </datafield>
  <datafield tag="653" ind1=" " ind2=" ">
    <subfield code="b">NNUR</subfield>
    <subfield code="c">July2015</subfield>
  </datafield>
  <datafield tag="655" ind1=" " ind2=" ">
    <subfield code="v">reading book</subfield>
    <subfield code="9">34232</subfield>
  </datafield>
  <datafield tag="700" ind1="1" ind2=" ">
    <subfield code="a">Treas, Lesie S.</subfield>
  </datafield>
  <datafield tag="942" ind1=" " ind2=" ">
    <subfield code="2">ddc</subfield>
    <subfield code="k">610.73 WIL</subfield>
  </datafield>
  <datafield tag="999" ind1=" " ind2=" ">
    <subfield code="c">20253</subfield>
    <subfield code="d">20225</subfield>
  </datafield>
  <datafield tag="952" ind1=" " ind2=" ">
    <subfield code="0">0</subfield>
    <subfield code="1">0</subfield>
    <subfield code="2">ddc</subfield>
    <subfield code="4">0</subfield>
    <subfield code="7">0</subfield>
    <subfield code="8">Baccah</subfield>
    <subfield code="a">MAIN</subfield>
    <subfield code="b">MAIN</subfield>
    <subfield code="c">1ST</subfield>
    <subfield code="d">2015-07-06</subfield>
    <subfield code="e">purchase</subfield>
    <subfield code="g">186.00</subfield>
    <subfield code="h">23125</subfield>
    <subfield code="l">10</subfield>
    <subfield code="m">45</subfield>
    <subfield code="o">610.73 WIL</subfield>
    <subfield code="p">000038970</subfield>
    <subfield code="r">2025-11-23 00:00:00</subfield>
    <subfield code="s">2025-11-11</subfield>
    <subfield code="v">233.00</subfield>
    <subfield code="y">BB</subfield>
  </datafield>
</record>
